| 000 | 00723nam a2200241Ia 4500 | ||
|---|---|---|---|
| 003 | GCL | ||
| 008 | 140319s9999 xx 000 0 ara d | ||
| 040 |
_aGCL / _cGCL |
||
| 082 | 0 | 4 |
_aق _b953.07393 _bس ح |
| 100 | 1 | _aسهيل زكار | |
| 245 | 1 | 0 |
_aالحروب الصليبية (الجزء الثانى) / _cسهيل زكار |
| 260 |
_a[S.N] : _bدار حسان للطباعة والنشر |
||
| 300 | _a831-453 ص | ||
| 490 | _a | ||
| 650 | 0 | 4 | _aتاريخ |
| 650 | 0 | 4 | _aسوريا |
| 650 | 0 | 4 | _aالصليبيون |
| 650 | 0 | 4 | _aفلسطين |
| 650 | 0 | 4 | _aوثائق |
| 650 | 0 | 4 | _aالحروب الصليبية فى فلسطين والشام |
| 650 | 0 | 4 | _aالدولة الايوبية |
| 942 |
_2ddc _cBK |
||
| 999 |
_c58744 _d58744 |
||